| 000 | 00370nam a2200145Ia 4500 | ||
|---|---|---|---|
| 008 | 210716s2001 xx 000 0 und d | ||
| 020 | _a72127694 | ||
| 041 | _aeng | ||
| 082 | _a005.268 MCSE | ||
| 245 | _aTest yourself MCSE windows 2000 professional. | ||
| 250 | _a1 | ||
| 260 |
_aUSA _bMcGraw Hill _c2001 |
||
| 300 | _axxx,336 | ||
| 650 | _aMicrosoft Windows(005.269) | ||
| 999 |
_c187403 _d187403 |
||